[Event "American Cup Blitz"]
[Site "Saint Louis"]
[Date "2025.03.24"]
[Round "1"]
[White "Caruana, Fabiano"]
[Black "Krush, Irina"]
[Result "1-0"]
[WhiteElo "2783"]
[BlackElo "2378"]
[PlyCount "70"]
[EventDate "2025.03.24"]
[EventType "swiss (blitz)"]
[EventRounds "9"]
[EventCountry "USA"]
[SourceTitle "CB14_2025"]
[SourceDate "2024.11.01"]
[SourceVersion "1"]
[SourceVersionDate "2024.11.01"]
[SourceQuality "1"]

1. e4 c5 2. Nf3 e6 3. d3 Nc6 4. g3 d5 5. Qe2 Nf6 6. Bg2 Be7 7. 0-0 0-0 8. e5 Nd7 9. c4 Re8 10. Bf4 Nf8 11. h4 b6 12. Nc3 Bb7 13. Rad1 d4 14. Nb1 h6 15. h5 Nh7 16. Nbd2 Rb8 17. g4 a6 18. Ne4 b5 19. Nfd2 Na5 20. b3 bxc4 21. bxc4 Ba8 22. Rb1 Qc7 23. Nd6 Red8 24. N2e4 Ng5 25. Bg3 Nxe4 26. Nxe4 Rxb1 27. Rxb1 Rb8 28. Rxb8+ Qxb8 29. Qd2 Qb4 30. Qf4 Qb1+ 31. Bf1 Nxc4 32. Nf6+ gxf6 33. exf6 Bf8 34. dxc4 Qe4 35. Qxe4 Bxe4 1-0

[Event "American Cup Elim (Women)"]
[Site "Saint Louis"]
[Date "2025.03.20"]
[Round "3.2"]
[White "Paikidze, Nazi"]
[Black "Krush, Irina"]
[Result "0-1"]
[WhiteElo "2294"]
[BlackElo "2378"]
[PlyCount "46"]
[EventDate "2025.03.17"]
[EventType "k.o."]
[EventRounds "4"]
[EventCountry "USA"]
[SourceTitle "CB13_2025"]
[SourceDate "2025.03.26"]
[SourceVersion "1"]
[SourceVersionDate "2025.03.26"]
[SourceQuality "1"]

1. Nf3 Nf6 2. b3 c5 3. Bb2 Nc6 4. e3 g6 5. Bb5 Bg7 6. 0-0 0-0 7. d4 cxd4 8. exd4 d5 9. Nbd2 Bf5 10. Bxc6 bxc6 11. Ne5 Qc7 12. Qe2 c5 13. dxc5 Qxc5 14. c4 Ng4 15. Rfe1 dxc4 16. Ndxc4 Nxe5 17. Bxe5 Bxe5 18. Qxe5 Qxe5 19. Rxe5 Be6 20. Ne3 a5 21. Nd5 Ra7 22. Rc1 Rd8 23. Nc7 Rxc7 0-1

[Event "American Cup Elim (Women)"]
[Site "Saint Louis"]
[Date "2025.03.19"]
[Round "2.2"]
[White "Zatonskih, Anna"]
[Black "Krush, Irina"]
[Result "1-0"]
[WhiteElo "2315"]
[BlackElo "2378"]
[PlyCount "63"]
[EventDate "2025.03.17"]
[EventType "k.o."]
[EventRounds "4"]
[EventCountry "USA"]
[SourceTitle "CB13_2025"]
[SourceDate "2025.03.26"]
[SourceVersion "1"]
[SourceVersionDate "2025.03.26"]
[SourceQuality "1"]

1. Nf3 Nf6 2. g3 b5 3. d3 Bb7 4. e4 d6 5. Na3 a6 6. c4 c6 7. Bg2 Nbd7 8. 0-0 g6 9. Bd2 Bg7 10. Re1 0-0 11. b4 Ng4 12. d4 e5 13. h3 Ngf6 14. dxe5 dxe5 15. Qc2 Qe7 16. Bc3 a5 17. c5 axb4 18. Bxb4 Nb8 19. Rac1 Na6 20. Bd2 Nd7 21. Bg5 Qxc5 22. Qd3 Qb4 23. Nc2 Nac5 24. Nxb4 Nxd3 25. Nxd3 Rxa2 26. Nb4 Rb2 27. Nxc6 Ra8 28. Ne7+ Kf8 29. Rc7 f6 30. Rxd7 fxg5 31. Rxb7 Raa2 32. Nxg5 1-0

[Event "Titled Tuesday intern op 07th Jan Early"]
[Site "Chess.com INT"]
[Date "2025.01.07"]
[Round "6"]
[White "Haussernot, Cecile"]
[Black "Krush, Irina"]
[Result "1-0"]
[WhiteElo "2108"]
[BlackElo "2378"]
[PlyCount "57"]
[EventDate "2025.01.07"]
[EventType "swiss (blitz)"]
[EventRounds "11"]
[EventCountry "USA"]
[SourceTitle "CB03_2025"]
[SourceDate "2025.01.15"]
[SourceVersion "1"]
[SourceVersionDate "2025.01.15"]
[SourceQuality "1"]

1. e4 c6 2. d4 d5 3. f3 Nf6 4. e5 Nfd7 5. f4 e6 6. Nf3 c5 7. c3 Nc6 8. Be2 a5 9. 0-0 Be7 10. Na3 0-0 11. Nc2 a4 12. Kh1 b6 13. Ne3 f5 14. g4 fxg4 15. Nxg4 Ba6 16. Rg1 Bxe2 17. Qxe2 cxd4 18. Qg2 g6 19. cxd4 Rc8 20. Qh3 Rf5 21. Nh6+ Kg7 22. Nxf5+ exf5 23. Qxf5 Nf8 24. Qh3 Nb4 25. f5 Nc2 26. f6+ Bxf6 27. exf6+ Qxf6 28. Bg5 Qf7 29. Raf1 1-0

[Event "Titled Tuesday intern op 07th Jan Early"]
[Site "Chess.com INT"]
[Date "2025.01.07"]
[Round "1"]
[White "Krush, Irina"]
[Black "Attieh, Skye"]
[Result "1-0"]
[WhiteElo "2378"]
[BlackElo "1769"]
[PlyCount "49"]
[EventDate "2025.01.07"]
[EventType "swiss (blitz)"]
[EventRounds "11"]
[EventCountry "USA"]
[SourceTitle "CB03_2025"]
[SourceDate "2025.01.15"]
[SourceVersion "1"]
[SourceVersionDate "2025.01.15"]
[SourceQuality "1"]

1. d4 Nf6 2. c4 g6 3. Nc3 d5 4. cxd5 Nxd5 5. e4 Nxc3 6. bxc3 Bg7 7. Bb5+ c6 8. Ba4 0-0 9. Ne2 c5 10. 0-0 Bd7 11. Rb1 Bxa4 12. Qxa4 cxd4 13. cxd4 b6 14. Bf4 Nd7 15. Rfd1 a5 16. Nc3 Nf6 17. f3 Rc8 18. Nb5 Nd7 19. Na7 Ra8 20. Nc6 Qe8 21. Qb5 Nf6 22. d5 Qd7 23. Qxb6 Rfc8 24. Qb7 Qe8 25. Nxe7+ 1-0

[Event "Titled Tuesday intern op 07th Jan Early"]
[Site "Chess.com INT"]
[Date "2025.01.07"]
[Round "5"]
[White "Krush, Irina"]
[Black "Veloso, Henrique Barbosa"]
[Result "1-0"]
[WhiteElo "2378"]
[BlackElo "2221"]
[PlyCount "77"]
[EventDate "2025.01.07"]
[EventType "swiss (blitz)"]
[EventRounds "11"]
[EventCountry "USA"]
[SourceTitle "CB03_2025"]
[SourceDate "2025.01.15"]
[SourceVersion "1"]
[SourceVersionDate "2025.01.15"]
[SourceQuality "1"]

1. d4 Nf6 2. c4 e6 3. Nc3 Bb4 4. a3 Bxc3+ 5. bxc3 0-0 6. f3 b6 7. e4 d6 8. Bg5 h6 9. Bh4 Nc6 10. Bd3 e5 11. Ne2 Qe7 12. 0-0 Ba6 13. f4 exf4 14. Nxf4 g5 15. Nd5 Nxd5 16. cxd5 Bxd3 17. Qxd3 gxh4 18. dxc6 Kh8 19. Rf4 Rg8 20. Qh3 Rg6 21. Rxh4 Kh7 22. Rf1 Rag8 23. Rf2 R8g7 24. Rhf4 d5 25. e5 Qxa3 26. Rxf7 Qc1+ 27. Rf1 Qd2 28. Rxg7+ Rxg7 29. Qf5+ Kh8 30. Qf3 Qa2 31. h3 a5 32. e6 a4 33. e7 Rxe7 34. Qf8+ Kh7 35. Qxe7+ Kg6 36. Qf7+ Kg5 37. Rf5+ Kh4 38. Qh5+ Kg3 39. Qg4# 1-0

[Event "Wch Blitz (Women)"]
[Site "New York"]
[Date "2024.12.30"]
[Round "4"]
[White "Krush, Irina"]
[Black "Jarocka, Liwia"]
[Result "0-1"]
[WhiteElo "2378"]
[BlackElo "2261"]
[PlyCount "53"]
[EventDate "2024.12.30"]
[EventType "swiss (blitz)"]
[EventRounds "11"]
[EventCountry "USA"]
[SourceTitle "CB01_2025"]
[SourceDate "2025.01.01"]
[SourceVersion "1"]
[SourceVersionDate "2025.01.01"]
[SourceQuality "1"]

1. d4 d5 2. c4 e6 3. Nc3 c5 4. cxd5 cxd4 5. Qa4+ Bd7 6. Qxd4 exd5 7. Qxd5 Nf6 8. Qd1 Bc5 9. e3 0-0 10. Nf3 Qe7 11. a3 Rd8 12. Qc2 Nc6 13. Be2 Rac8 14. 0-0 Ne5 15. Bd2 Bc6 16. Nxe5 Qxe5 17. Rad1 Bd6 18. f4 Qe7 19. Kh1 Bc5 20. Bf3 Bxf3 21. gxf3 b5 22. e4 a5 23. Nxb5 Nh5 24. Nc3 Qh4 25. Be1 Rxd1 26. Qxd1 Qxf4 27. Nd5 0-1

[Event "Wch Rapid (Women)"]
[Site "New York"]
[Date "2024.12.27"]
[Round "5"]
[White "Krush, Irina"]
[Black "Nurmanova, Alua"]
[Result "1/2-1/2"]
[WhiteElo "2382"]
[BlackElo "2260"]
[PlyCount "161"]
[EventDate "2024.12.26"]
[EventType "swiss (rapid)"]
[EventRounds "11"]
[EventCountry "USA"]
[SourceTitle "CB01_2025"]
[SourceDate "2025.01.01"]
[SourceVersion "1"]
[SourceVersionDate "2025.01.01"]
[SourceQuality "1"]

1. d4 Nf6 2. c4 g6 3. Nc3 Bg7 4. e4 d6 5. h3 0-0 6. Be3 c6 7. Nf3 Na6 8. Be2 e5 9. d5 Nh5 10. 0-0 Nf4 11. Re1 c5 12. Bf1 f5 13. exf5 Rxf5 14. Ne4 Rf8 15. a3 Bf5 16. Ng3 Bd7 17. Kh2 b5 18. b3 b4 19. a4 Nc7 20. Ra2 Ne8 21. Ne4 h6 22. g3 Nh5 23. Nh4 Nhf6 24. Bd3 Nxe4 25. Bxe4 g5 26. Nf3 Bf5 27. Bxf5 Rxf5 28. Nd2 Qd7 29. Ne4 Nf6 30. Nxf6+ Rxf6 31. Qg4 Qf7 32. h4 h5 33. Qe4 g4 34. Kg2 Rf8 35. Ree2 Rf5 36. Kg1 Rf3 37. Kg2 Qe8 38. Kg1 R8f5 39. Kg2 Qf7 40. Kg1 Qg6 41. Kg2 Bh6 42. Rab2 Bg7 43. Rbc2 Qf7 44. Ra2 Kh7 45. Rac2 Qg6 46. Ra2 Bh6 47. Rab2 Bxe3 48. Rxe3 Rxe3 49. Qxe3 Rf3 50. Qc1 a5 51. Kg1 Qf5 52. Qd2 e4 53. Qc2 Rd3 54. Qe2 Qf3 55. Rd2 Rxb3 56. Qe1 Rc3 57. Re2 Rxc4 58. Re3 Qf5 59. Qf1 Rc2 60. Re2 b3 61. Rxc2 bxc2 62. Qc1 Qxd5 63. Qxc2 c4 64. Qc1 Qf7 65. Qd2 d5 66. Qxa5 Qb7 67. Qc5 e3 68. Qxe3 Qb1+ 69. Kh2 Qe4 70. Qa7+ Kg6 71. Qb6+ Kf5 72. a5 c3 73. Qc7 c2 74. a6 Qe2 75. Qf4+ Kg6 76. Qg5+ Kh7 77. Qxh5+ Kg7 78. Qg5+ Kh7 79. Qh5+ Kg7 80. Qg5+ Kh7 81. Qh5+ 1/2-1/2

[Event "Swiss Queens Wed #46"]
[Site "FIDE Online Arena INT"]
[Date "2024.12.11"]
[Round "10"]
[White "Anishka, Vikram"]
[Black "Krush, Irina"]
[Result "0-1"]
[WhiteElo "1852"]
[BlackElo "2378"]
[PlyCount "122"]
[EventDate "2024.12.11"]
[EventType "swiss (blitz)"]
[EventRounds "11"]
[EventCountry "NET"]
[SourceTitle "CB51_2024"]
[SourceDate "2024.12.18"]
[SourceVersion "1"]
[SourceVersionDate "2024.12.18"]
[SourceQuality "1"]

1. d4 d5 2. c4 dxc4 3. e3 Nf6 4. Bxc4 e6 5. Nf3 c5 6. 0-0 a6 7. a4 Nc6 8. dxc5 Bxc5 9. Qxd8+ Kxd8 10. Nc3 Ke7 11. e4 Ng4 12. h3 Nge5 13. Nxe5 Nxe5 14. Be2 b6 15. Kh1 Bb7 16. f4 Nc6 17. Bc4 Rhd8 18. f5 Ne5 19. Ba2 exf5 20. Rxf5 f6 21. Nd5+ Bxd5 22. Bxd5 Rac8 23. Bd2 a5 24. Bc3 Nd3 25. Rd1 Nf2+ 26. Rxf2 Bxf2 27. Rf1 Bg3 28. Bb3 Rc5 29. Bd5 Rf8 30. Rd1 Be5 31. Bxe5 fxe5 32. Rd2 Rf1+ 33. Kh2 Rcc1 34. Kg3 Kf6 35. Bb3 g6 36. Rd6+ Kg5 37. Rxb6 Rfe1 38. Rb7 Re3+ 39. Kh2 h5 40. Bf7 h4 41. Rb6 Rxe4 42. Rxg6+ Kf4 43. Rh6 Ke3 44. Bg6 Rf4 45. Rh5 e4 46. Re5 Rc4 47. Bh7 Rxa4 48. Bg6 Rb4 49. Bh7 Rxb2 50. Bg6 Rb4 51. Bh7 a4 52. Bg6 a3 53. Ra5 Rb3 54. Bf7 Rc3 55. Bg8 Kd2 56. Bd5 e3 57. Ba2 e2 58. Rd5+ Kc1 59. Rd1+ exd1Q 60. g3 Qd2+ 61. Kg1 Qe3+ 0-1

[Event "Swiss Queens Wed #46"]
[Site "FIDE Online Arena INT"]
[Date "2024.12.11"]
[Round "5"]
[White "Krush, Irina"]
[Black "Blinova, Sofia"]
[Result "1-0"]
[WhiteElo "2378"]
[BlackElo "1732"]
[PlyCount "51"]
[EventDate "2024.12.11"]
[EventType "swiss (blitz)"]
[EventRounds "11"]
[EventCountry "NET"]
[SourceTitle "CB51_2024"]
[SourceDate "2024.12.18"]
[SourceVersion "1"]
[SourceVersionDate "2024.12.18"]
[SourceQuality "1"]

1. d4 Nf6 2. c4 e6 3. Nc3 Bb4 4. e3 b6 5. Nge2 Bb7 6. a3 Bxc3+ 7. Nxc3 0-0 8. Bd3 c5 9. 0-0 Qe7 10. dxc5 bxc5 11. e4 Nc6 12. Bg5 Ne5 13. f4 Nxd3 14. Qxd3 h6 15. Bh4 Qe8 16. e5 Nh7 17. Nb5 Qc8 18. Nd6 Qc6 19. Rf3 Kh8 20. Rg3 g6 21. Be7 h5 22. Rd1 h4 23. Bxh4 Kg7 24. Nxf7 Rxf7 25. Qxg6+ Kf8 26. Qg8# 1-0

[Event "Swiss Queens Wed #46"]
[Site "FIDE Online Arena INT"]
[Date "2024.12.11"]
[Round "6"]
[White "Krush, Irina"]
[Black "Shukhman, Anna"]
[Result "0-1"]
[WhiteElo "2378"]
[BlackElo "2245"]
[PlyCount "88"]
[EventDate "2024.12.11"]
[EventType "swiss (blitz)"]
[EventRounds "11"]
[EventCountry "NET"]
[SourceTitle "CB51_2024"]
[SourceDate "2024.12.18"]
[SourceVersion "1"]
[SourceVersionDate "2024.12.18"]
[SourceQuality "1"]

1. c4 e5 2. Nc3 Nf6 3. Nf3 e4 4. Ng5 c6 5. Ngxe4 Nxe4 6. Nxe4 d5 7. cxd5 cxd5 8. Ng3 h5 9. e3 h4 10. Bb5+ Nc6 11. Ne2 Qg5 12. 0-0 Bh3 13. Nf4 Bxg2 14. Nxg2 h3 15. Qf3 hxg2 16. Qxg2 Qf5 17. f4 0-0-0 18. b3 Rh6 19. Kh1 Be7 20. Rf2 Bf6 21. Be2 Rg6 22. Qf1 Bxa1 23. Ba3 Bf6 24. Bd3 Qg4 25. Bxg6 Qxg6 26. f5 Qg4 27. Rg2 Qe4 28. Bc5 Ne5 29. Bxa7 Rh8 30. Bd4 Ng4 31. Bxf6 Rxh2+ 32. Kg1 Rxg2+ 33. Qxg2 Qb1+ 34. Qf1 Qxf1+ 35. Kxf1 Nxf6 36. Ke2 Kd7 37. Kd3 Kd6 38. Kd4 Nd7 39. b4 Ne5 40. d3 Nf3+ 41. Kc3 g6 42. fxg6 fxg6 43. a4 g5 44. e4 g4 0-1

[Event "Swiss Queens Wed #44"]
[Site "FIDE Online Arena INT"]
[Date "2024.11.27"]
[Round "11"]
[White "Krush, Irina"]
[Black "Kamenskaya, Marina"]
[Result "1-0"]
[WhiteElo "2377"]
[BlackElo "1820"]
[PlyCount "171"]
[EventDate "2024.11.27"]
[EventType "swiss (blitz)"]
[EventRounds "11"]
[EventCountry "NET"]
[SourceTitle "CB49_2024"]
[SourceDate "2024.12.04"]
[SourceVersion "1"]
[SourceVersionDate "2024.12.04"]
[SourceQuality "1"]

1. d4 d5 2. c4 e6 3. Nc3 Nf6 4. cxd5 exd5 5. Bg5 Bb4 6. e3 c5 7. dxc5 Nbd7 8. Nge2 Nxc5 9. a3 Bxc3+ 10. Nxc3 Be6 11. Bb5+ Kf8 12. 0-0 h6 13. Bf4 Rc8 14. Qd4 a6 15. Be2 Qe7 16. Rad1 Kg8 17. Bf3 Nce4 18. Nxe4 dxe4 19. Bxe4 Nxe4 20. Qxe4 f5 21. Qe5 Kh7 22. Rd6 Rhe8 23. Rfd1 Qf7 24. Qd4 Rc2 25. h3 Rec8 26. Be5 R2c4 27. Qb6 R8c6 28. Qd8 Rxd6 29. Rxd6 Rc5 30. Bd4 Rc1+ 31. Kh2 Rc8 32. Qb6 Bc4 33. Qb4 Bb5 34. Be5 Rc4 35. Qd2 Bc6 36. Rd8 Qg6 37. f3 f4 38. e4 Qg3+ 39. Kg1 Bb5 40. Bxf4 Qh4 41. Kh2 Rc2 42. Qxc2 Qxd8 43. Qc7 Qf8 44. Be5 Bc6 45. h4 Kg8 46. h5 Qf7 47. Qxf7+ Kxf7 48. g4 g6 49. hxg6+ Kxg6 50. Kg3 Kf7 51. Bd6 Ba4 52. Bc5 Ke6 53. Kf4 Kf6 54. Bf8 Kg6 55. Bc5 Kf6 56. Bd4+ Kg6 57. Bf2 Bd1 58. Bh4 a5 59. e5 b5 60. e6 Kg7 61. e7 Kf7 62. Ke4 b4 63. axb4 axb4 64. Kf4 Ke8 65. Bf6 b3 66. Bg7 Kxe7 67. Bxh6 Kf6 68. Bg5+ Kg6 69. Be7 Kf7 70. Bb4 Ke6 71. Bc3 Kf7 72. Bd4 Kg6 73. Bc3 Kf7 74. Kg3 Kg6 75. f4 Be2 76. f5+ Kg5 77. Bd2+ Kf6 78. Kf4 Bd3 79. g5+ Kf7 80. Bc3 Kg8 81. g6 Kf8 82. Kg5 Kg8 83. f6 Be4 84. f7+ Kf8 85. Kf6 Bxg6 86. Bb4# 1-0

[Event "Swiss Queens Wed #44"]
[Site "FIDE Online Arena INT"]
[Date "2024.11.27"]
[Round "9"]
[White "Ovezdurdiyeva, Jemal"]
[Black "Krush, Irina"]
[Result "0-1"]
[WhiteElo "2078"]
[BlackElo "2377"]
[PlyCount "76"]
[EventDate "2024.11.27"]
[EventType "swiss (blitz)"]
[EventRounds "11"]
[EventCountry "NET"]
[SourceTitle "CB49_2024"]
[SourceDate "2024.12.04"]
[SourceVersion "1"]
[SourceVersionDate "2024.12.04"]
[SourceQuality "1"]

1. e4 c5 2. Nf3 d6 3. c3 Nf6 4. Bd3 Bg4 5. h3 Bxf3 6. Qxf3 Nc6 7. Bc2 g6 8. 0-0 Bg7 9. d3 0-0 10. Be3 Nd7 11. Nd2 b5 12. Nb3 a5 13. a4 b4 14. d4 cxd4 15. cxd4 e5 16. d5 Nd4 17. Bxd4 exd4 18. Rad1 d3 19. Bxd3 Bxb2 20. Bb5 Rc8 21. Bxd7 Qxd7 22. Nxa5 Rc3 23. Qf4 Qxa4 24. Nc6 Rc4 25. f3 b3 26. Qxd6 Rc2 27. e5 Qf4 28. Rf2 Re8 29. Qd7 Rxe5 30. Nxe5 Bxe5 31. Rxc2 bxc2 32. Qc8+ Kg7 33. Qxc2 Qh2+ 34. Kf1 Qh1+ 35. Kf2 Qh2 36. Kf1 Bg3 37. Qc3+ f6 38. Ke2 Qxg2+ 0-1

[Event "Swiss Queens Wed #44"]
[Site "FIDE Online Arena INT"]
[Date "2024.11.27"]
[Round "5"]
[White "Yashvi, Jain"]
[Black "Krush, Irina"]
[Result "0-1"]
[WhiteElo "1934"]
[BlackElo "2377"]
[PlyCount "56"]
[EventDate "2024.11.27"]
[EventType "swiss (blitz)"]
[EventRounds "11"]
[EventCountry "NET"]
[SourceTitle "CB49_2024"]
[SourceDate "2024.12.04"]
[SourceVersion "1"]
[SourceVersionDate "2024.12.04"]
[SourceQuality "1"]

1. d4 d5 2. Nf3 Nf6 3. Bf4 e6 4. e3 Bd6 5. Bg3 0-0 6. Nbd2 b6 7. Bd3 c5 8. c3 Ba6 9. Bxa6 Nxa6 10. 0-0 Nb8 11. Re1 Nc6 12. Qe2 Qc7 13. dxc5 bxc5 14. e4 Bxg3 15. hxg3 Rfd8 16. Rad1 h6 17. exd5 exd5 18. Nb3 Qb6 19. Qc2 a5 20. Ne5 a4 21. Nd2 Nxe5 22. Rxe5 c4 23. Nf3 Rdb8 24. Rd2 a3 25. bxa3 Rxa3 26. Nd4 Qb1+ 27. Qxb1 Rxb1+ 28. Kh2 Ng4+ 0-1

[Event "USA-ch (Women)"]
[Site "Saint Louis"]
[Date "2024.10.18"]
[Round "7"]
[White "Yu, Jennifer R"]
[Black "Krush, Irina"]
[Result "1-0"]
[WhiteElo "2267"]
[BlackElo "2388"]
[PlyCount "81"]
[EventDate "2024.10.11"]
[EventType "tourn"]
[EventRounds "11"]
[EventCountry "USA"]
[EventCategory "3"]
[SourceTitle "CB43_2024"]
[Source "Chessbase"]
[SourceDate "2024.10.23"]
[SourceVersion "1"]
[SourceVersionDate "2024.10.23"]
[SourceQuality "1"]

1. e4 c5 2. d4 cxd4 3. Qxd4 Nc6 4. Qd3 Nf6 5. Nc3 e6 6. Bf4 Bb4 7. 0-0-0 0-0 8. f3 d5 9. exd5 exd5 10. Nge2 Be6 11. Nb5 Rc8 12. Ned4 Bc5 13. Kb1 a6 14. Nxc6 bxc6 15. Nd4 Bxd4 16. Qxd4 c5 17. Qa4 d4 18. c4 Nh5 19. Bc1 Bf5+ 20. Ka1 Qd6 21. g4 Bd7 22. Qc2 Nf4 23. h4 f5 24. Rg1 fxg4 25. fxg4 Rce8 26. h5 Bc6 27. Bd3 Nxd3 28. Qxd3 Rf3 29. Qd2 Qe6 30. h6 Qxc4 31. Qg5 Rf7 32. Rge1 Be4 33. b3 Qc2 34. Bb2 Bc6 35. Rxe8+ Bxe8 36. Re1 Bc6 37. Rc1 Qe2 38. Qxc5 d3 39. Qxc6 d2 40. Qa8+ Rf8 41. Qd5+ 1-0

[Event "Olympiad Women-45"]
[Site "Budapest"]
[Date "2024.09.20"]
[Round "9.3"]
[White "Krush, Irina"]
[Black "Vantika, Agrawal"]
[Result "0-1"]
[WhiteElo "2396"]
[BlackElo "2370"]
[PlyCount "70"]
[EventDate "2024.09.11"]
[EventType "team-swiss"]
[EventRounds "11"]
[EventCountry "HUN"]
[SourceTitle "EXT 2025"]
[Source "ChessBase"]
[SourceDate "2024.10.14"]
[SourceVersion "1"]
[SourceVersionDate "2024.10.14"]
[SourceQuality "1"]
[WhiteTeam "United States (W)"]
[BlackTeam "India (W)"]
[WhiteTeamCountry "USA"]
[BlackTeamCountry "IND"]

1. c4 Nf6 2. Nf3 e6 3. Nc3 d5 4. d4 Bb4 5. Qa4+ Nc6 6. e3 0-0 7. Qc2 b6 8. a3 Bxc3+ 9. Qxc3 Ba6 10. b3 Na5 11. Nd2 c5 12. dxc5 bxc5 13. Bd3 Re8 14. 0-0 e5 15. Bb2 e4 16. Bc2 Nc6 17. Rfe1 Ne5 18. Rad1 Qb6 19. Ba1 Rad8 20. cxd5 Nxd5 21. Qb2 f5 22. Nf1 Qg6 23. Ng3 Bd3 24. Qc1 Bxc2 25. Qxc2 Nd3 26. Rf1 h5 27. Ne2 h4 28. h3 Kh7 29. Nc1 Nxc1 30. Qxc1 f4 31. exf4 e3 32. f5 Qg5 33. Rxd5 exf2+ 34. Kxf2 Qg3+ 35. Kg1 Re2 0-1

[Event "Olympiad Women-45"]
[Site "Budapest"]
[Date "2024.09.14"]
[Round "4.5"]
[White "Krush, Irina"]
[Black "Bensdorp, Marlies"]
[Result "1-0"]
[WhiteElo "2396"]
[BlackElo "2241"]
[PlyCount "81"]
[EventDate "2024.09.11"]
[EventType "team-swiss"]
[EventRounds "11"]
[EventCountry "HUN"]
[SourceTitle "EXT 2025"]
[Source "ChessBase"]
[SourceDate "2024.10.14"]
[SourceVersion "1"]
[SourceVersionDate "2024.10.14"]
[SourceQuality "1"]
[WhiteTeam "United States (W)"]
[BlackTeam "Netherlands (W)"]
[WhiteTeamCountry "USA"]
[BlackTeamCountry "NED"]

1. c4 e6 2. Nc3 d5 3. d4 Nf6 4. cxd5 exd5 5. Bg5 Be7 6. e3 0-0 7. Bd3 Re8 8. Nge2 h6 9. Bh4 c6 10. 0-0 a5 11. Qc2 Na6 12. a3 Nc7 13. Rad1 Ne6 14. f3 b5 15. Kh1 Ba6 16. Bf2 Qb8 17. Ng3 b4 18. Nce2 Bxd3 19. Rxd3 c5 20. dxc5 Nxc5 21. Rdd1 bxa3 22. bxa3 Qb3 23. Qxb3 Nxb3 24. a4 Bb4 25. Nf4 Bd2 26. Nf5 Rab8 27. Bh4 Rb6 28. Be1 Bxe1 29. Rfxe1 Rb4 30. Nxd5 Nxd5 31. Rxd5 Rxa4 32. h4 h5 33. Rd7 Ra2 34. Red1 a4 35. Ra7 Nc5 36. Rd5 Rc2 37. Kh2 Ne6 38. Ne7+ Kf8 39. Rxh5 Rc7 40. Nd5 f6 41. Nxc7 1-0

[Event "Olympiad Women-45"]
[Site "Budapest"]
[Date "2024.09.11"]
[Round "1.8"]
[White "Jeda, Helal"]
[Black "Krush, Irina"]
[Result "0-1"]
[WhiteElo "1569"]
[BlackElo "2396"]
[PlyCount "70"]
[EventDate "2024.09.11"]
[EventType "team-swiss"]
[EventRounds "11"]
[EventCountry "HUN"]
[SourceTitle "EXT 2025"]
[Source "ChessBase"]
[SourceDate "2024.10.14"]
[SourceVersion "1"]
[SourceVersionDate "2024.10.14"]
[SourceQuality "1"]
[WhiteTeam "Jordan (W)"]
[BlackTeam "United States (W)"]
[WhiteTeamCountry "JOR"]
[BlackTeamCountry "USA"]

1. e4 c5 2. Nf3 e6 3. d4 cxd4 4. Nxd4 a6 5. c4 Nf6 6. Nc3 Qc7 7. Bd2 Nc6 8. Be3 Bb4 9. Bd3 Nxd4 10. Bxd4 e5 11. Be3 Bxc3+ 12. bxc3 d6 13. f3 0-0 14. Rb1 Be6 15. Qd2 Bxc4 16. Bxc4 Qxc4 17. Rxb7 d5 18. Rb4 Qc6 19. Rb6 Qd7 20. Qf2 Rab8 21. 0-0 Rxb6 22. Bxb6 dxe4 23. fxe4 Nxe4 24. Qe3 Qd5 25. Re1 f5 26. g4 Nd2 27. c4 Nxc4 28. Qc5 Qe6 29. Ba5 Rc8 30. Qb4 Qd5 31. Bb6 Nd2 32. Re3 Rc1+ 33. Kf2 f4 34. Re1 Qf3+ 35. Kg1 Rxe1# 0-1

[Event "Speed Chess (Women) Play In 1"]
[Site "Chess.com INT"]
[Date "2024.08.12"]
[Round "8"]
[White "Garifullina, Leya"]
[Black "Krush, Irina"]
[Result "1/2-1/2"]
[WhiteElo "2449"]
[BlackElo "2405"]
[PlyCount "93"]
[EventDate "2024.08.12"]
[EventType "swiss (blitz)"]
[EventRounds "11"]
[EventCountry "USA"]
[SourceTitle "CBM 221 Extra"]
[Source "ChessBase"]
[SourceDate "2024.09.30"]
[SourceVersion "1"]
[SourceVersionDate "2024.09.30"]
[SourceQuality "1"]

1. e4 c5 2. Nf3 d6 3. d4 cxd4 4. Nxd4 Nf6 5. Nc3 Nc6 6. Bg5 e6 7. Qd2 a6 8. 0-0-0 Be7 9. f4 Bd7 10. Nf3 b5 11. e5 b4 12. exf6 gxf6 13. Ne4 fxg5 14. Nxd6+ Bxd6 15. Qxd6 gxf4 16. Qxf4 Qe7 17. Qg3 Kf8 18. Bd3 Rg8 19. Qh3 Rg7 20. Rhe1 Kg8 21. g4 a5 22. g5 a4 23. Qg4 b3 24. cxb3 axb3 25. a3 Qc5+ 26. Kb1 Ne7 27. Rc1 Qd6 28. Red1 Nd5 29. Be4 Bc6 30. h4 Nc3+ 31. Rxc3 Qxd1+ 32. Rc1 Bxe4+ 33. Qxe4 Qd5 34. Qxd5 exd5 35. Rd1 Rd8 36. Nd4 Rg6 37. Nxb3 Re6 38. Nd4 Re4 39. Nf5 Rf4 40. Nh6+ Kg7 41. h5 d4 42. Kc2 Rf2+ 43. Rd2 Rf3 44. Rd3 Rf2+ 45. Rd2 Rf3 46. Rd3 Rf2+ 47. Rd2 1/2-1/2

[Event "Speed Chess (Women) Play In 1"]
[Site "Chess.com INT"]
[Date "2024.08.12"]
[Round "7"]
[White "Kairbekova, Amina"]
[Black "Krush, Irina"]
[Result "1-0"]
[WhiteElo "2247"]
[BlackElo "2405"]
[PlyCount "75"]
[EventDate "2024.08.12"]
[EventType "swiss (blitz)"]
[EventRounds "11"]
[EventCountry "USA"]
[SourceTitle "CBM 221 Extra"]
[Source "ChessBase"]
[SourceDate "2024.09.30"]
[SourceVersion "1"]
[SourceVersionDate "2024.09.30"]
[SourceQuality "1"]

1. e4 c5 2. Nf3 d6 3. d4 cxd4 4. Nxd4 Nf6 5. Bd3 Nc6 6. Be3 g6 7. h3 Bg7 8. c4 0-0 9. Nc3 Be6 10. Qd2 Rc8 11. b3 Nxd4 12. Bxd4 Nd7 13. Bxg7 Kxg7 14. 0-0 Qa5 15. Rab1 g5 16. f4 gxf4 17. Rxf4 Qe5 18. Rbf1 Nf6 19. Rh4 h5 20. Ne2 Rh8 21. Nf4 Rcg8 22. Nd5 Bxd5 23. exd5 Kf8 24. Rhf4 Rg5 25. Re1 Rxg2+ 26. Kxg2 Rg8+ 27. Kf1 Qg5 28. Qf2 Rg7 29. Rf5 Qh6 30. Qf4 Qg6 31. Qf2 Nd7 32. Re3 Qh6 33. Rf4 Ne5 34. Bc2 f6 35. Re1 Qg5 36. c5 dxc5 37. Rf5 Qg6 38. Rexe5 1-0

[Event "Speed Chess (Women) Play In 1"]
[Site "Chess.com INT"]
[Date "2024.08.12"]
[Round "6"]
[White "Krush, Irina"]
[Black "Batsiashvili, Nino"]
[Result "1/2-1/2"]
[WhiteElo "2405"]
[BlackElo "2461"]
[PlyCount "76"]
[EventDate "2024.08.12"]
[EventType "swiss (blitz)"]
[EventRounds "11"]
[EventCountry "USA"]
[SourceTitle "CBM 221 Extra"]
[Source "ChessBase"]
[SourceDate "2024.09.30"]
[SourceVersion "1"]
[SourceVersionDate "2024.09.30"]
[SourceQuality "1"]

1. d4 Nf6 2. c4 c5 3. d5 b5 4. cxb5 a6 5. bxa6 g6 6. Nc3 Bg7 7. e4 0-0 8. Nf3 Qa5 9. a7 Nxe4 10. axb8Q Rxb8 11. Qc2 Bxc3+ 12. bxc3 Qxc3+ 13. Qxc3 Nxc3 14. Bc4 Rb4 15. Bb3 c4 16. Bd2 cxb3 17. Bxc3 Rc4 18. Kd2 bxa2 19. Rxa2 Bb7 20. d6 exd6 21. Re1 Rg4 22. Ra7 Bc6 23. Nd4 Rxg2 24. Nxc6 dxc6 25. Re2 Rxh2 26. Bf6 Rh5 27. Be7 Re8 28. Bf6 Rf8 29. Be7 Rc8 30. Rd7 Rd5+ 31. Ke1 h5 32. Bxd6 c5 33. Ree7 c4 34. Rxf7 Rxd6 35. Rg7+ Kf8 36. Rgf7+ Kg8 37. Rg7+ Kf8 38. Rgf7+ Kg8 1/2-1/2